| 000 | 00492nam a2200145Ia 4500 | ||
|---|---|---|---|
| 008 | 180901s9999 xx 000 0 und d | ||
| 020 | _a9780323399661 | ||
| 100 | _aLampignano,John P. | ||
| 245 |
_cJohn P. Lampignano, Leslie E. Kendrick.-- _aBontrager's textbook of radiographic and related anatomy / |
||
| 250 | _a9th ed | ||
| 260 |
_aUSA : _bElsevier _c2018 |
||
| 300 |
_axvii, 830 pages : _billustrations. |
||
| 650 | _aAnatomy, Regional. | ||
| 650 | _aRadiography, Medical -- Positioning. | ||
| 999 |
_c358505 _d358505 |
||